Music Quiz

Random Music or The Beatles Quiz
Score 0/13 Timer 03:00
0 Plays Today
Lyrics Song % Correct
u say ttfn, n i say heyHello, Goodbye
74.4%
idc 2 much 4 $Can't Buy Me Love
71.3%
i m he as u r heI Am the Walrus
68.2%
...da news 2day, omgA Day in the Life
55.3%
w/ luv 4rm me 2 uFrom Me To You
49.2%
2moro mite rain so...I'll Follow the Sun
30.7%
idk y no1 told uWhile My Guitar Gently Weeps
24.1%
btw, iP.S. I Love You
20%
its a luv dat lasts 4evrDon't Let Me Down
17.7%
i kno wut it iz 2 b :-(She Said She Said
12.8%
thnx, guhThank You Girl
10.9%
u cant :'-( cuz ur rofl @ meI'm Down
9.4%
i'll bbl, cuz i told u 1nce b4 ttyl but...I'll Be Back
8.4%
Remove Ads.
Support Sporcle.
Get the best of Sporcle when you Go Orange. This ad-free experience offers more features, more stats, and more fun while also helping to support Sporcle. Thank you for becoming a member.

You're not logged in!

Compare scores with friends on all Sporcle quizzes.
OR
Log In

Sporcle TV

Today on Sporcle TV


Watch our educational content, quiz creation guides, and fun videos on Sporcle TV.

Show Comments

Extras

Top Quizzes Today


Score Distribution

Paid Content

Your Account Isn't Verified!

In order to create a playlist on Sporcle, you need to verify the email address you used during registration. Go to your Sporcle Settings to finish the process.

Report this User

Report this user for behavior that violates our Community Guidelines.

Details: